Constructores del humanismo cristiano: pensamiento y testimonio
Salvato in:
| Autore principale: | |
|---|---|
| Natura: | Libro |
| Lingua: | spagnolo |
| Pubblicazione: |
Santiago
Konrad Adenauer
2014
|
| Edizione: | 1a. ed |
| Serie: | Colección Red Nuevo Pensamiento Democrático, 4
|
| Soggetti: | |
| Tags: |
Aggiungi Tag
Nessun Tag, puoi essere il primo ad aggiungerne!!
|
MARC
| LEADER | 00000cam a2200000 a 4500 | ||
|---|---|---|---|
| 001 | UCC0726 | ||
| 003 | CL-VaPUC | ||
| 008 | 170825e20140000cl |||||||||||||||||spa|d | ||
| 020 | |a 9789567803170 | ||
| 082 | 0 | 4 | |a 270.6 |b MAL |2 21 |
| 100 | |a Maldonado Roldán, Jorge |e autor |9 600982 | ||
| 245 | 1 | 0 | |a Constructores del humanismo cristiano: pensamiento y testimonio |
| 250 | |a 1a. ed | ||
| 300 | |a 159 p | ||
| 942 | |c BK | ||
| 945 | |d 20170825 13:52:00 |a arojas | ||
| 260 | |a Santiago |b Konrad Adenauer |c 2014 | ||
| 650 | 0 | |a Humanismo cristiano |9 257489 | |
| 650 | 7 | |a REFORMA RELIGIOSA |2 CL-VaPUC |9 257490 | |
| 650 | 7 | |a REFORMA DE LA IGLESIA |2 CL-VaPUC |9 257491 | |
| 583 | |a last modification |c 20170825 13:52:00 |k Rodrigo Vera | ||
| 490 | 0 | |a Colección Red Nuevo Pensamiento Democrático, 4 | |
| 999 | |c 369476 |d 369474 | ||
| 952 | |0 0 |1 0 |3 erb |4 0 |6 270_600000000000000_MAL_2014 |7 0 |8 A |9 485289 |a BIBHIS |b BIBHIS |i 5419549 |o 270.6 MAL 2014 |p 5419549 |r 2025-01-20 |w 2019-11-24 |y BK |z Catalogado en:20170825 |k HIS | ||